Transition-Metal Defects in Silicon (Record no. 21494)

MARC details
000 -LEADER
fixed length control field 00871nam a2200265Ia 4500
003 - CONTROL NUMBER IDENTIFIER
control field IN-BaIIA
008 - FIXED-LENGTH DATA ELEMENTS--GENERAL INFORMATION
fixed length control field 211028s9999 xx s 000 0 eng d
020 ## - INTERNATIONAL STANDARD BOOK NUMBER
International Standard Book Number 978-3-642-35078-8 (Print)
020 ## - INTERNATIONAL STANDARD BOOK NUMBER
International Standard Book Number 978-3-642-35079-5 (Online)
022 ## - INTERNATIONAL STANDARD SERIAL NUMBER
International Standard Serial Number 2190-5053 (Print)
022 ## - INTERNATIONAL STANDARD SERIAL NUMBER
International Standard Serial Number 2190-5061 (Online)
040 ## - CATALOGING SOURCE
Transcribing agency IIA Library
100 ## - MAIN ENTRY--PERSONAL NAME
Personal name Steger, Michael
9 (RLIN) 39731
245 #0 - TITLE STATEMENT
Title Transition-Metal Defects in Silicon
Medium [eBook]
260 ## - PUBLICATION, DISTRIBUTION, ETC.
Place of publication, distribution, etc. Heidelberg, Berlin
Name of publisher, distributor, etc. Springer Berlin Heidelberg
Date of publication, distribution, etc. 2013
300 ## - PHYSICAL DESCRIPTION
Extent Online resource
490 ## - SERIES STATEMENT
Series statement Springer Theses
650 ## - SUBJECT ADDED ENTRY--TOPICAL TERM
Topical term or geographic name entry element Characterization and Evaluation of Materials
9 (RLIN) 38380
650 ## - SUBJECT ADDED ENTRY--TOPICAL TERM
Topical term or geographic name entry element Metallic Materials
9 (RLIN) 38526
650 ## - SUBJECT ADDED ENTRY--TOPICAL TERM
Topical term or geographic name entry element Solid State Physics
650 ## - SUBJECT ADDED ENTRY--TOPICAL TERM
Topical term or geographic name entry element Spectroscopy and Microscopy
650 ## - SUBJECT ADDED ENTRY--TOPICAL TERM
Topical term or geographic name entry element Physics
9 (RLIN) 73
856 ## - ELECTRONIC LOCATION AND ACCESS
Uniform Resource Identifier <a href="http://doi.org/10.1007/978-3-642-35079-5">http://doi.org/10.1007/978-3-642-35079-5</a>
Link text Click Here to Access eBook
942 ## - ADDED ENTRY ELEMENTS (KOHA)
Koha item type eBooks
Holdings
Withdrawn status Lost status Damaged status Not for loan Home library Current library Date acquired Source of acquisition Total Checkouts Barcode Date last seen Uniform Resource Identifier Price effective from Koha item type
        IIA Library-Bangalore IIA Library-Bangalore 01/01/2013 Springer   EB954 05/11/2021 http://doi.org/10.1007/978-3-642-35079-5 05/11/2021 eBooks

Powered by Koha